00728nam a2200193 i 4500001000300000100003600003245007200039260004100111300004100152490006700193504002600260830005500286020001500341040000800356041000800364080002300372008004100395856009800436bg1 aGalkin, Aleksandr Mihajlovič. 0aBadania plastometryczne metali i stopów /cAleksander M. Gałkin. aCzęstochowa :bWydaw. PCz.,c1990. a139, [3] s. :brys., wykr. ;c24 cm.1 aMonografie / Politechnika Częstochowska,x0860-5017 ;vnr 15 aBibliogr. s. 136-140. 0aMonografie (Politechnika Częstochowska) ;vnr 15 a8385031154 cBPK apol a669.017/.018:539.2 s pl f |000 0 pol  uhttp://koha.tu.koszalin.pl/cgi-bin/koha/opac-detail.pl?biblionumber=29179yKatalog online BPK